Právne postavenie spoločností prevádzkujúcich hazardné hry na Slovensku v porovnaní s vybranými štátmi Európskej únie bakalárska práca

Gespeichert in:
Bibliographische Detailangaben
1. Verfasser: Holič, Andrej
Körperschaft: Obchodná fakulta EU. Katedra obchodného práva
Weitere Verfasser: Luprichová, Petronela
Format: Buch
Sprache:Slowakisch
Veröffentlicht: Bratislava 2009
Tags: Tag hinzufügen
Keine Tags, Fügen Sie das erste Tag hinzu!

MARC

LEADER 00000nam$a2200000$$$4500
001 0096919
005 20240320075339.8
041 0 |a slo 
044 |a SK 
245 1 0 |a Právne postavenie spoločností prevádzkujúcich hazardné hry na Slovensku v porovnaní s vybranými štátmi Európskej únie  |b bakalárska práca  |c Andrej Holič ; škol. Petronela Luprichová 
264 1 |a Bratislava  |c 2009 
300 |a 37 s. 
100 1 |a Holič, Andrej 
700 1 |a Luprichová, Petronela 
710 2 |a Obchodná fakulta EU. Katedra obchodného práva